000 00799nam a22002411u 4500
001 04643
003 HDC
007 cr bn ---
008 210117p my go d 00 engg
040 _aHDC
245 0 _aLEVELLING UP : NAVIGATING THE NEW TRUCKING LANDSCAPE
260 _a[No Place] :
_b[publisher not identified],
_c[no year]
300 _a22 pages :
_billustrations
336 _atext
_2rdacontent
337 _acomputer
_2rdamedia
338 _aonline resource
_2rdacarrier
650 _aDriver shortage
_94771
650 _aTrucking
_94772
856 _zRequest full-text at [email protected]
942 _2lcc
942 _cSLIDE
942 _kSLID 000291
999 _c1968
_d1968